Music and musicians in late mughal india: Histories of the ephemeral, 1748- 1858 (Record no. 3774)

MARC details
000 -LEADER
fixed length control field 00499nam a22001817a 4500
003 - CONTROL NUMBER IDENTIFIER
control field OSt
005 - DATE AND TIME OF LATEST TRANSACTION
control field 20250505155356.0
008 - FIXED-LENGTH DATA ELEMENTS--GENERAL INFORMATION
fixed length control field 250505b |||||||| |||| 00| 0 eng d
020 ## - INTERNATIONAL STANDARD BOOK NUMBER
International Standard Book Number 978100950265
082 ## - DEWEY DECIMAL CLASSIFICATION NUMBER
Classification number 780.954
Item number SCHM
100 ## - MAIN ENTRY--PERSONAL NAME
Personal name Schofield, Katherine Butler
245 ## - TITLE STATEMENT
Title Music and musicians in late mughal india: Histories of the ephemeral, 1748- 1858
260 ## - PUBLICATION, DISTRIBUTION, ETC.
Place of publication, distribution, etc. New Delhi
Name of publisher, distributor, etc. Cambridge University Press
300 ## - PHYSICAL DESCRIPTION
Extent 315P.
546 ## - LANGUAGE NOTE
Language note English
651 ## - SUBJECT ADDED ENTRY--GEOGRAPHIC NAME
Geographic name Music
942 ## - ADDED ENTRY ELEMENTS (KOHA)
Source of classification or shelving scheme Dewey Decimal Classification
Koha item type Book
Holdings
Withdrawn status Lost status Source of classification or shelving scheme Damaged status Not for loan Collection code Home library Current library Shelving location Date acquired Source of acquisition Cost, normal purchase price Inventory number Total Checkouts Full call number Barcode Date last seen Price effective from Koha item type
    Dewey Decimal Classification     Non-fiction RIC Library RIC Library General Stacks 05/05/2025 M/s Allied Informatics 895.00 13212/29.04.2025   780.954 SCHM 003060 05/05/2025 05/05/2025 Book

Venue

Rajasthan International Centre
Sansthan Path,JLN Marg, Jaipur- 302017
Phone: +91-7230904025